| 000 | 00855nam a2200253 i 4500 | ||
|---|---|---|---|
| 001 | 6987 | ||
| 003 | ES-MaACL | ||
| 005 | 20230906145133.0 | ||
| 007 | t| | ||
| 008 | 900719s1990 sp ||||1| spa d | ||
| 020 | _a84-339-1339-5 | ||
| 080 | _a321.02 | ||
| 080 | _a323(46)"1975/1989" | ||
| 100 | 1 |
_aColomer, Josep M. _939850 |
|
| 245 | 1 | 3 |
_aEl Arte de la manipulacion politica _b: votaciones y teoria de juegos en la politica española / _cJosep M. Colomer. |
| 260 |
_aBarcelona : _bAnagrama, _cD.L. 1990. |
||
| 300 |
_a320 p. ; _c22 cm. |
||
| 490 | 1 |
_aColección Argumentos ; _v109 |
|
| 650 | 1 | 4 |
_aParticipación política- _zEspaña- _y1975- _915854 |
| 651 | 4 |
_aEspaña- _xPolítica y gobierno- _y1975-1982. _98447 |
|
| 830 | 0 |
_aColección Argumentos ; _v109 _9178071 |
|
| 852 |
_aES-MaACL _jL-14284 _bR.118189 _z. - rust. |
||
| 999 |
_c6987 _d6987 |
||